000 00435nab a2200145Ia 4500
003 ES-SlBCS
005 20210601130450.0
008 140529s1966 xxu||||| |||| 00| 0 fre d
041 _afre
100 1 _aPucelle, Jean
_9164707
245 0 0 _aHortus conclusus. Le nocturne et le diurne
_c Jean Pucelle
650 0 4 _aNoche-Día
_9173320
773 0 _tGiornali di Metafisica
_gvol. 21, nº. 6, 1966, págs. 781-800
_w0017-0372
942 _cAR
999 _c547147
_d547147